Literature Animal Species Quiz Stats

 Plays Quiz Updated Dec 6, 2018

Support Sporcle.
Go Orange.
Score 0/20 Timer 03:00
2 Plays Today
% Correct
Spider
94.9%
Deer
94.7%
Bear
93.9%
Whale
93.8%
Dog
93.1%
Lion
91%
Tiger
90.8%
Elephant
85.7%
Snake
83.5%
Boar
80.9%
% Correct
Rabbit
75.9%
Gorilla
73.1%
Mouse
72.6%
Toad
69.6%
Cat
67.9%
Horse
58.4%
Eagle
54.9%
Turtle
51.3%
Fox
43.9%
Crocodile
39.7%

You're not logged in!

Compare scores with friends on all Sporcle quizzes.
OR
Log In

From the Vault

Remove Ads.
Support Sporcle.
Get the best of Sporcle when you Go Orange. This ad-free experience offers more features, more stats, and more fun while also helping to support Sporcle. Thank you for becoming a member.

Show Comments

Extras

Top Quizzes Today


Score Distribution

Your Account Isn't Verified!

In order to create a playlist on Sporcle, you need to verify the email address you used during registration. Go to your Sporcle Settings to finish the process.

Report this User

Report this user for behavior that violates our Community Guidelines.

Details: